000
00310nam a22000977a 4500
008
150724b xxu||||| |||| 00| 0 eng d
010
_8
HCCRSARF: 037
245
_a
HIGH COURT CRIMINAL SESSION No.45 of 1977 Uganda Vs Lawrence Sembatya
260
_a
High Court Kampala
500
_3
Before Hon.Mr. Justice S.T. Manyindo
999
_c
8155
_d
8155